| 000 | 00850nam a2200301Ia 4500 | ||
|---|---|---|---|
| 999 |
_c6866 _d6866 |
||
| 001 | 9385053 | ||
| 003 | OSt | ||
| 005 | 20190121122401.0 | ||
| 008 | 830407m19691971miu 000 0 eng d | ||
| 010 | _z76010693 | ||
| 020 | _a0801053250 (v.1) | ||
| 020 | _a0801053269 (v.2) | ||
| 020 | _a0801053005 (v.3) | ||
| 020 | _a0801053102 (v.4) | ||
| 040 |
_aMAL _cMAL |
||
| 082 |
_a261 _219 _bK94F |
||
| 090 |
_aBR115.W6 _bK7 |
||
| 092 |
_a261 _bK94 |
||
| 100 | 1 | _aKrutza, William J. | |
| 245 | 1 | 0 |
_aFacing the issues / _cWilliam J. Krutza and Phillip P. Di Cicco. |
| 260 |
_aGrand Rapids, Mich. : _bBaker Book House, _c1969-1971. |
||
| 300 |
_a4 v. ; _c18 cm. |
||
| 490 | 0 | _aContemporary discussion series | |
| 504 | _aIncludes bibliographical references. | ||
| 650 | 0 | _aChurch and the world. | |
| 700 | 1 | _aDi Cicco, Philip P. | |
| 942 |
_2ddc _cBK |
||